000 00964nab a2200217 i 4500
001 768714001
003 CO-MdFUSB
005 20230607123913.0
008 230429s2010 us ||||| |||| 00| 0 eng d
022 _a16698649
040 _bspa
_aCO-MdFUSB
_cCO-MdFUSB
_dCO-MdFUSB
041 _aeng
100 _aNiringiye, Zac,
_eautor
245 1 _aIn the Garden of Eden – I
_b: creation and community
_c/ Zac Niringiye
300 _aVolumen 5, número 1 (2010), páginas 18 - 31
_c; 20 cm
520 _aEn este articulo Niringiye desarrolla la idea de que el Dios que es comunidad crea comunidad, un sistema vivo completo y armonioso sostenido por su amor y hecho visible en relaciones de interdependencia.
546 _aTexto en inglés
650 7 _9251
_aCreación
773 0 _049416
_959774
_dSantiago de Chile
_oR1515
_tJournal of Latin American Theology :
_w(CO-MdFUSB)118
_x1669-8949
_gVolumen 5, número 1 (2010), páginas 18 - 31
_qpágina 18
942 _cANA
999 _c68819
_d68819